South Park Characters Quiz - Statistics

General Stats
  • This quiz has been taken 5,278 times
    4,816 since last reset
  • The average score is 18 of 22
Answer Stats
Description Answer % Correct
Fat, sexist, racist, large ego, stupid, etc. Eric Cartman
99%
Poor, wears an orange parka Kenny McCormick
99%
Jewish, top of his class Kyle Broflovski
99%
The Everyday Kid Stan Marsh
98%
Stan's Girlfriend Wendy Testaburger
96%
School Chef Chef
93%
Can only say his name Timmy Burch
91%
3rd/4th Grade Teacher Mr Garrison
90%
Stan's Father Randy Marsh
90%
Richest kid in South Park Token Black
90%
Kyle's Brother Ike Broflovski
89%
Only person who understands what Timmy says Jimmy Valmer
89%
Blonde Hawaiian, took Kenny's role for most of Season 5 Leopold 'Butters' Stotch
89%
Wendy's Best Friend Bebe Stevens
84%
Counselor of South Park Elementary Mr Mackey
83%
Blonde kid who often stresses out Tweek Tweak
78%
Stan's Sister Shelly Marsh
74%
Believed to be the hottest kid in the class in 'The List' Clyde Donovan
73%
Stan's Mother Sharon Marsh
70%
Kid who doesn't care for adventure Craig Tucker
67%
Kenny's Sister Karen McCormick
33%
Owner of 'City Wok' Lui Kim
20%
No matching quizzes found
Score Distribution
Percent of People with Each Score
Percentile by Number Answered
Your Score History
You have not taken this quiz since the last reset